| 000 | 00560cam a22002291 4500 | ||
|---|---|---|---|
| 001 | sa 67005766 | ||
| 003 | DLC | ||
| 005 | 20260227112400.0 | ||
| 008 | 890724s1966 ii b 000 0 orio | ||
| 010 | _asa 67005766 | ||
| 035 | _a(OCoLC)20059788 | ||
| 040 |
_aDLC _cWaU _dDLC |
||
| 042 | _apremarc | ||
| 050 | 0 | 0 |
_aPK2571 _b.B4 |
| 100 | 1 |
_aBehera, Chintamani, _d1929- |
|
| 245 | 1 | 0 | _aKābya o kaḷākāra. |
| 260 | _c[1966] | ||
| 300 |
_a266 p. _c24 cm. |
||
| 500 | _aIn Oriya. | ||
| 504 | _aBibliographical footnotes. | ||
| 650 | 0 | _aOriya literature. | |
| 999 |
_c75433 _d75433 |
||